| 000 | 01340nam a2200325 a 4500 | ||
|---|---|---|---|
| 001 | ebr10459660 | ||
| 003 | CaPaEBR | ||
| 006 | m u | ||
| 007 | cr cn||||||||| | ||
| 008 | 110425s2007 enk sbf 001 0 eng d | ||
| 020 | _z9781905539383 | ||
| 020 | _z9781907830389 (e-book) | ||
| 040 |
_aCaPaEBR _cCaPaEBR |
||
| 035 | _a(OCoLC)764556810 | ||
| 050 | 1 | 4 |
_aRB45.15 _b.B53 2007eb |
| 100 | 1 | _aBlann, Andrew. | |
| 245 | 1 | 0 |
_aRoutine blood results explained _h[electronic resource] / _cAndrew Blann. |
| 250 | _a2nd ed. | ||
| 260 |
_aKeswick [England] : _bM&K Update, _c2007. |
||
| 300 | _axii, 151 p. | ||
| 500 | _aFirst published 2006. | ||
| 504 | _aIncludes bibliographical references and index. | ||
| 505 | 0 | _aPt. 1. Haematology -- pt. 2. Biochemistry -- pt. 3. Combined haematology and biochemistry -- pt. 4. Appendices of normal ranges. | |
| 533 |
_aElectronic reproduction. _bPalo Alto, Calif. : _cebrary, _d2011. _nAvailable via World Wide Web. _nAccess may be limited to ebrary affiliated libraries. |
||
| 650 | 0 |
_aBlood _xAnalysis _vHandbooks, manuals, etc. |
|
| 650 | 0 |
_aHematology _vHandbooks, manuals, etc. |
|
| 655 | 7 |
_aElectronic books. _2local |
|
| 710 | 2 | _aebrary, Inc. | |
| 856 | 4 | 0 |
_uhttp://site.ebrary.com/lib/rucke/Doc?id=10459660 _zAn electronic book accessible through the World Wide Web; click to view |
| 999 |
_c229404 _d229404 |
||